000 01567nam a2200349Ia 4500
001 ebr10161096
003 CaPaEBR
006 m u
007 cr cn|||||||||
008 060224s2006 nyu sb 001 0 eng d
010 _z 2006006732
020 _z9780195181081 (cloth)
020 _z0195181085 (cloth)
040 _aCaPaEBR
_cCaPaEBR
035 _a(OCoLC)648134495
050 1 4 _aHV6789
_b.S57 2006eb
082 0 4 _a364.40973/09045
_222
100 1 _aSimon, Jonathan,
_d1959-
245 1 0 _aGoverning through crime
_h[electronic resource] :
_bhow the war on crime transformed American democracy and created a culture of fear /
_cJonathan Simon.
260 _aNew York :
_bOxford University Press,
_c2006.
300 _aviii, 330 p.
490 1 _aStudies in crime and public policy
504 _aIncludes bibliographical references and index.
533 _aElectronic reproduction.
_bPalo Alto, Calif. :
_cebrary,
_d2009.
_nAvailable via World Wide Web.
_nAccess may be limited to ebrary affiliated libraries.
650 0 _aCrime
_xPolitical aspects
_zUnited States
_xHistory
_y20th century.
650 0 _aCriminal justice, Administration of
_xPolitical aspects
_zUnited States
_xHistory
_y20th century.
650 0 _aCrime prevention
_xPolitical aspects
_zUnited States
_xHistory
_y20th century.
655 7 _aElectronic books.
_2local
710 2 _aebrary, Inc.
830 0 _aStudies in crime and public policy.
856 4 0 _uhttp://site.ebrary.com/lib/rucke/Doc?id=10161096
_zAn electronic book accessible through the World Wide Web; click to view
999 _c243352
_d243352